000 00751cam a22002293a 4500
001 18467
003 PGUSA
005 20140828083407.0
008 060528s2006||||xxu|||||s|||||000 | eng d
040 _aPGUSA
_beng
042 _adc
050 4 _aRC
100 1 _aPierce, Ray Vaughn,
_d1840-1914
245 1 4 _aThe People's Common Sense Medical Adviser in Plain English ;
_bor, Medicine Simplified, 54th ed., One Million, Six Hundred and Fifty Thousand
_h[electronic resource] /
_cRay Vaughn Pierce
260 _bProject Gutenberg,
_c2006
506 _aPublic domain in the USA.
516 _aElectronic text
653 _aMedicine, Popular
830 0 _aProject Gutenberg
_v18467
856 4 0 _uhttp://www.gutenberg.org/ebooks/18467
942 _cEB
999 _c247722
_d247722